Language Quiz

Random Language Quiz

AP Caesar: 5.38-5.41 Vocab Quiz Stats

 Plays Quiz not verified by Sporcle

Support Sporcle.
Go Orange.
Score 0/34 Timer 15:00
0 Plays Today
Hint Answer % Correct
eo, ire, ii, itusGo
86%
volo, velle, volui, voliturusWish
81.3%
subitoSuddenly
80.4%
hortor, ari, hortatusEncourage
78.5%
nolo, nolle, nolui, noliturusDon't want
72%
fio, fieri, factusTo become
70.1%
quicumque, quaecumque, quodcumqueWhoever
69.2%
adiutor, oris (m)Helper
66.4%
sustentoSustain
66.4%
turris, is (f)Tower
66.4%
malo, malle, malui, maliturusPrefer
65.4%
ulciscor, ulcisci, ultus sumAvenge
65.4%
advoloFly to
65.4%
concitoStir up
64.5%
texo, ere, texui, textusWeave
64.5%
erroWander
64.5%
improvisoUnexpectedly
62.6%
Hint Answer % Correct
muralis, ePertaining to a wall
62.6%
profiteor, eri, fessus sumAdmit
61.7%
metus, us (m)Fear
61.7%
sudis, is (f)Heavy beam
60.7%
tenuis, eSlim
59.8%
consuetudo, inis (f)Habit
59.8%
pinna, ae (f)Feather
58.9%
valetudo, inis (f)Health
58.9%
obsideo, ere, sedi, sessusBesiege
57.9%
crates, is (f)Wickerwork
57%
contabuloBuild up
56.1%
praeuro, ere, ussi, ustumBurn in the front
55.1%
lorica, ae (f)Deflective wall
55.1%
deincepsIn turn
54.2%
incolumis, eSafe
52.3%
adipiscor, sci, adeptus sumAttain to
51.4%
inveterasco, ere, veteravi, veteratusBecome old
51.4%

You're not logged in!

Compare scores with friends on all Sporcle quizzes.
OR
Log In

From the Vault

40 Literary Characters: 40 Literary Deaths

by Flick

Sometimes the best part of being a literary character is getting a memorable demise.
Remove Ads.
Support Sporcle.
Get the best of Sporcle when you Go Orange. This ad-free experience offers more features, more stats, and more fun while also helping to support Sporcle. Thank you for becoming a member.

Show Comments

Extras

Created Jan 20, 2016ReportNominate
Tags:caesar

Top Quizzes Today


Score Distribution

Your Account Isn't Verified!

In order to create a playlist on Sporcle, you need to verify the email address you used during registration. Go to your Sporcle Settings to finish the process.

Report this User

Report this user for behavior that violates our Community Guidelines.

Details: